| 000 | 00685nam a22002177a 4500 | ||
|---|---|---|---|
| 001 | 35373 | ||
| 003 | BD-RjUL | ||
| 005 | 20211209052317.0 | ||
| 008 | 140524r19671962e ||||| |||| 001 0 eng d | ||
| 035 | _a(BD-RjUL) 35467 | ||
| 040 |
_aBD-RjUL _beng _cBD-RjUL _dBD-RjUL |
||
| 041 | _aeng | ||
| 082 |
_a720.94238 _bJES 1967 |
||
| 100 | 1 |
_aJennings, Hilda _9107758 |
|
| 245 |
_aSocieties in the making : _ba study of development and redevelopment within a county borough / |
||
| 260 |
_aLondon ; _bRoutledge & K. Paul ; _c1962 [Impression 1967]. |
||
| 300 |
_ax, 275 p. ; _c21 cm. |
||
| 504 | _aIncludes index. | ||
| 650 |
_aUrban renewal England Barton Hill _9107759 |
||
| 942 |
_2ddc _cBK |
||
| 999 |
_c35373 _d35373 |
||